000
00224 a2200097 4500
001
10984
100
_a
Child, D.
245
_a
Application of Psychology of the teacher
260
_a
_b
Holt, Pinchert
_c
090
_c
8552
_d
8552
942
_a
NUST-CAE
_c
M
_c
35325
999
_c
246057
_d
246057